Проблемы и перспективы развития круизного туризма в современной России; Актуальные проблемы гуманитарных наук

Λεπτομέρειες βιβλιογραφικής εγγραφής
Parent link:Актуальные проблемы гуманитарных наук.— 2012.— [С. 67-69]
Κύριος συγγραφέας: Коновалова Н. С.
Συγγραφή απο Οργανισμό/Αρχή: Национальный исследовательский Томский политехнический университет (ТПУ) Институт социально-гуманитарных технологий (ИСГТ) Кафедра культурологии и социальной коммуникации (КТЛ)
Περίληψη:Заглавие с титульного листа
Γλώσσα:Ρωσικά
Έκδοση: 2012
Σειρά:Социально-культурный сервис и туризм
Θέματα:
Διαθέσιμο Online:http://www.lib.tpu.ru/fulltext/v/Conferences/2012/C1/028.pdf
Μορφή: Ηλεκτρονική πηγή Κεφάλαιο βιβλίου
KOHA link:https://koha.lib.tpu.ru/cgi-bin/koha/opac-detail.pl?biblionumber=229816

MARC

LEADER 00000nla2a2200000 4500
001 229816
005 20231031202437.0
035 |a (RuTPU)RU\TPU\book\250464 
035 |a RU\TPU\book\249656 
090 |a 229816 
100 |a 20130115d2012 k y0rusy50 ca 
101 0 |a rus 
102 |a RU 
105 |a y z 101zy 
135 |a drnn ---uucaa 
181 0 |a i  
182 0 |a b 
200 1 |a Проблемы и перспективы развития круизного туризма в современной России  |b Электронный ресурс  |f Н. С. Коновалова 
203 |a Текст  |c электронный 
215 |a 1 файл (313 Кб) 
225 1 |a Социально-культурный сервис и туризм 
230 |a Электронные текстовые данные (1 файл : 313 Кб) 
300 |a Заглавие с титульного листа 
320 |a [Библиогр.: с. 69 (4 назв.)] 
337 |a Adobe Reader 
463 1 |0 (RuTPU)RU\TPU\book\240857  |t Актуальные проблемы гуманитарных наук  |o сборник научных трудов студентов, аспирантов и молодых ученых 5-6 апреля 2012 г., Томск  |f Национальный исследовательский Томский политехнический университет (ТПУ)   |v [С. 67-69]  |d 2012 
610 1 |a труды учёных ТПУ 
610 1 |a электронный ресурс 
610 1 |a проблемы 
610 1 |a перспективы 
610 1 |a круизный туризм 
610 1 |a Россия 
700 1 |a Коновалова  |b Н. С. 
712 0 2 |a Национальный исследовательский Томский политехнический университет (ТПУ)  |b Институт социально-гуманитарных технологий (ИСГТ)  |b Кафедра культурологии и социальной коммуникации (КТЛ)  |h 42  |2 stltpush  |3 (RuTPU)RU\TPU\col\18374 
801 1 |a RU  |b 63413507  |c 20120830 
801 2 |a RU  |b 63413507  |c 20130115  |g RCR 
856 4 |u http://www.lib.tpu.ru/fulltext/v/Conferences/2012/C1/028.pdf 
942 |c CF